000 00499nam a22001817a 4500
999 _c4154
_d4111
008 200905b ||||| |||| 00| j eng d
020 _a9786058863750
041 _atur
050 _aPL248.T37
100 _91833
_aTaş, Murat
245 _akeşke yine kar yağsa
_ceditörü : Kamil Çağlar Aksu
250 _a1.Baskı
260 _aİstanbul:
_bFerfir Yayınları,
_c2010
300 _a95 Sayfa
650 0 _9145
_aTürk Edebiyatı
700 _91834
_a Aksu, Kamil Çağlar
942 _2lcc
_cBK